PUTERI RAJA BERAMBUT IKAL MAYANG

Bibliographic Details
Other Authors: Muhammad Bin Harun (retold)
Format: Book
Published: Kuala Lumpur : Pustaka Prinsip 995
Edition:Malaysian Edition
Series:Siri Cerita Dongeng Dari Barat
Subjects:

MARC

LEADER 00000cam a2200000 7i4500
001 0000077895
005 20171219.0
008 1012091995t myag 0001
020 |a 9830530175 
040 |a PERPUSTAM   |b eng   |c PERPUSTAM   |e rda 
090 0 0 |a J 398.2   |b SIR 
245 0 0 |a PUTERI RAJA BERAMBUT IKAL MAYANG   |c Diceritakan semula oleh MUHAMMAD BIN HARUN 
250 |a Malaysian Edition 
264 1 |a Kuala Lumpur :   |b Pustaka Prinsip   |c 995 
300 |a 28 pages :   |b colour illustration ;   |c 23 cm. 
336 |a still image, rdacontent 
336 |a text   |b rdacontent 
337 |a unmediated  |2 rdamedia 
338 |a volume  |2 rdacarrier 
490 1 |a Siri Cerita Dongeng Dari Barat 
650 0 0 |a Folk Stories 
700 0 |a Muhammad Bin Harun ,   |e retold 
830 1 |a Siri Cerita Dongeng Dari Barat 
999 |a 0000109840   |b Buku   |c Koleksi Pinjaman Kanak-Kanak   |e Perpustakaan Cawangan Masjid Tanah 
999 |a 0000409801   |b Buku   |c Koleksi Pinjaman Kanak-Kanak   |e Perpustakaan Cawangan Jasin 
999 |a 0000461318   |b Buku   |c Koleksi Pinjaman Kanak-Kanak   |e Perbadanan Perpustakaan Awam Melaka 
999 |a 0000481397   |b Buku   |c Koleksi Pinjaman Kanak-Kanak   |e Perbadanan Perpustakaan Awam Melaka 
999 |a 0000481398   |b Buku   |c Koleksi Pinjaman Kanak-Kanak   |e Perbadanan Perpustakaan Awam Melaka 
999 |a 19936   |b Buku   |c Koleksi Pinjaman Kanak-Kanak   |e Perbadanan Perpustakaan Awam Melaka 
999 |a 5784   |b Buku   |c Koleksi Pinjaman Kanak-Kanak   |e Perpustakaan Cawangan Merlimau